Virtualizing microsoft tier 1 applications with vmware vsphere 4 / (Record no. 194556)
[ view plain ]
| 000 -LEADER | |
|---|---|
| fixed length control field | 00865nam a2200253Ia 4500 |
| 003 - CONTROL NUMBER IDENTIFIER | |
| control field | OSt |
| 005 - DATE AND TIME OF LATEST TRANSACTION | |
| control field | 20260114143153.0 |
| 008 - FIXED-LENGTH DATA ELEMENTS--GENERAL INFORMATION | |
| fixed length control field | 210716s2010 xx 000 0 und d |
| 020 ## - INTERNATIONAL STANDARD BOOK NUMBER | |
| International Standard Book Number | 9788126528103 |
| 040 ## - CATALOGING SOURCE | |
| Transcribing agency | AIMIT LIBRARY |
| 041 ## - LANGUAGE CODE | |
| Language code of text/sound track or separate title | eng |
| 082 ## - DEWEY DECIMAL CLASSIFICATION NUMBER | |
| Classification number | 621.3991 |
| Item number | WINC |
| 100 ## - MAIN ENTRY--PERSONAL NAME | |
| Personal name | Windom, Charles A. |
| 9 (RLIN) | 251235 |
| 245 ## - TITLE STATEMENT | |
| Title | Virtualizing microsoft tier 1 applications with vmware vsphere 4 / |
| Statement of responsibility, etc. | By Charles A. Windom, Hemant Gaidhani and Alex Fontana. |
| 250 ## - EDITION STATEMENT | |
| Edition statement | 1st ed. |
| 260 ## - PUBLICATION, DISTRIBUTION, ETC. | |
| Place of publication, distribution, etc. | New Delhi : |
| Name of publisher, distributor, etc. | Wiley India Pvt Ltd , |
| Date of publication, distribution, etc. | 2010. |
| 300 ## - PHYSICAL DESCRIPTION | |
| Extent | xxi,504 p.; |
| Other physical details | PB |
| Dimensions | 24.5 cm. |
| 650 ## - SUBJECT ADDED ENTRY--TOPICAL TERM | |
| Topical term or geographic name entry element | Vmware vsphere 4 overview |
| 9 (RLIN) | 251236 |
| 650 ## - SUBJECT ADDED ENTRY--TOPICAL TERM | |
| Topical term or geographic name entry element | Virtualizing microsoft server applications |
| 9 (RLIN) | 251237 |
| 650 ## - SUBJECT ADDED ENTRY--TOPICAL TERM | |
| Topical term or geographic name entry element | Virtualizing active directory |
| 9 (RLIN) | 251238 |
| 700 ## - ADDED ENTRY--PERSONAL NAME | |
| Personal name | Gaidhani, Hemant. |
| 9 (RLIN) | 251239 |
| 700 ## - ADDED ENTRY--PERSONAL NAME | |
| Personal name | Fontana, Alex. |
| 9 (RLIN) | 251240 |
| 942 ## - ADDED ENTRY ELEMENTS (KOHA) | |
| Source of classification or shelving scheme | Dewey Decimal Classification |
| Koha item type | Book |
| Call number prefix | 621.3991 WINC |
| Withdrawn status | Lost status | Damaged status | Not for loan | Collection code | Home library | Current library | Source of acquisition | Cost, normal purchase price | Total Checkouts | Full call number | Barcode | Date last seen | Cost, replacement price | Price effective from | Koha item type |
|---|---|---|---|---|---|---|---|---|---|---|---|---|---|---|---|
| MCA | St Aloysius Institute of Management & Information Technology | St Aloysius Institute of Management & Information Technology | Knowledge World | 499.00 | 621.3991 WINC | MCA14064 | 07/21/2025 | 374.25 | 07/16/2021 | Book |